The construction of modern science : (Record no. 123034)
[ view plain ]
| 000 -LEADER | |
|---|---|
| fixed length control field | 01213cam a2200373 i 4500 |
| 001 - CONTROL NUMBER | |
| control field | 624202 |
| 003 - CONTROL NUMBER IDENTIFIER | |
| control field | ARRUPE |
| 005 - DATE AND TIME OF LATEST TRANSACTION | |
| control field | 20150722145239.0 |
| 008 - FIXED-LENGTH DATA ELEMENTS--GENERAL INFORMATION | |
| fixed length control field | 781113r19771971enka b 001 0 eng |
| 010 ## - LIBRARY OF CONGRESS CONTROL NUMBER | |
| LC control number | 77084001 |
| 020 ## - INTERNATIONAL STANDARD BOOK NUMBER | |
| International Standard Book Number | 0521218632 : |
| Terms of availability | $11.95. |
| 020 ## - INTERNATIONAL STANDARD BOOK NUMBER | |
| International Standard Book Number | 0521292956 (pbk.) : |
| Terms of availability | $5.95 |
| 035 ## - SYSTEM CONTROL NUMBER | |
| System control number | (OCoLC)3360877 |
| 035 ## - SYSTEM CONTROL NUMBER | |
| System control number | (OCoLC)ocm03360877 |
| 035 ## - SYSTEM CONTROL NUMBER | |
| System control number | (CStRLIN)NYCG8754012-B |
| 035 ## - SYSTEM CONTROL NUMBER | |
| System control number | (NNC)624202 |
| 040 ## - CATALOGING SOURCE | |
| Modifying agency | CStRLIN |
| -- | NNC |
| Transcribing agency | Arrupe |
| 050 0# - LIBRARY OF CONGRESS CALL NUMBER | |
| Classification number | QA802 |
| Item number | .W47 1977 |
| 082 ## - DEWEY DECIMAL CLASSIFICATION NUMBER | |
| Classification number | 531/.09/032 |
| 090 ## - LOCALLY ASSIGNED LC-TYPE CALL NUMBER (OCLC); LOCAL CALL NUMBER (OCLC) | |
| Classification number (OCLC) (R) ; Classification number, CALL (RLIN) (NR) | QA802 |
| Local cutter number (OCLC) ; Book number/undivided call number, CALL (RLIN) | .W47 1977 |
| 300 ## - PHYSICAL DESCRIPTION | |
| Other physical details | ill. ; |
| Dimensions | 22 cm. |
| 100 1# - MAIN ENTRY--PERSONAL NAME | |
| Personal name | Westfall, Richard S. |
| 9 (RLIN) | 18514 |
| 245 14 - TITLE STATEMENT | |
| Title | The construction of modern science : |
| Remainder of title | mechanisms and mechanics / |
| Statement of responsibility, etc | Richard S. Westfall. |
| 260 ## - PUBLICATION, DISTRIBUTION, ETC. (IMPRINT) | |
| Place of publication, distribution, etc | London ; |
| -- | New York : |
| Name of publisher, distributor, etc | Cambridge University Press, |
| Date of publication, distribution, etc | 1977. |
| 300 ## - PHYSICAL DESCRIPTION | |
| Extent | xiii, 171 p. : |
| 490 1# - SERIES STATEMENT | |
| Series statement | History of science |
| 500 ## - GENERAL NOTE | |
| General note | Reprint of the 1971 ed. published by Wiley, New York, in series: Wiley history of science. |
| 500 ## - GENERAL NOTE | |
| General note | Includes index. |
| 504 ## - BIBLIOGRAPHY, ETC. NOTE | |
| Bibliography, etc | Bibliography: p. 160-165. |
| 650 #0 - SUBJECT ADDED ENTRY--TOPICAL TERM | |
| Topical term or geographic name as entry element | Mechanics |
| General subdivision | History. |
| 9 (RLIN) | 18515 |
| 650 #0 - SUBJECT ADDED ENTRY--TOPICAL TERM | |
| Topical term or geographic name as entry element | Science |
| General subdivision | History. |
| 9 (RLIN) | 18516 |
| 830 #0 - SERIES ADDED ENTRY--UNIFORM TITLE | |
| Uniform title | History of science. |
| 9 (RLIN) | 18517 |
| 942 ## - ADDED ENTRY ELEMENTS (KOHA) | |
| Source of classification or shelving scheme | Library of Congress Classification |
| Koha item type | Monograph ( Printed materials) |
| Withdrawn status | Lost status | Source of classification or shelving scheme | Damaged status | Not for loan | Collection code | Home library | Current library | Shelving location | Date acquired | Total Checkouts | Full call number | Barcode | Date last seen | Price effective from | Koha item type |
|---|---|---|---|---|---|---|---|---|---|---|---|---|---|---|---|
| Library of Congress Classification | Main Collection | ARRUPE LIBRARY | ARRUPE LIBRARY | Main Collection | 22/07/2015 | QA802 .W47 1977 | 46500004379 | 02/07/2019 | 22/07/2015 | Monograph ( Printed materials) |